Bài tập lý thuyết mạch

Guardado en:
Detalles Bibliográficos
Formato: Libro
Lenguaje:Undetermined
Publicado: Hà Nội Khoa học và Kỹ thuật 2003
Materias:
Etiquetas: Agregar Etiqueta
Sin Etiquetas, Sea el primero en etiquetar este registro!
Thư viện lưu trữ: Trung tâm Học liệu Trường Đại học Cần Thơ
LEADER 00507nam a2200181Ia 4500
001 CTU_59877
008 210402s9999 xx 000 0 und d
020 |b 32000 
082 |a 621.3192 
082 |b B103 
245 0 |a Bài tập lý thuyết mạch 
245 0 |c Đỗ Huy Giác ... [et al.] 
260 |a Hà Nội 
260 |b Khoa học và Kỹ thuật 
260 |c 2003 
650 |a electronic circuits 
904 |i Minh 
980 |a Trung tâm Học liệu Trường Đại học Cần Thơ